00668 2200205 4500001002100000005001500021035002000036007000300056008004100059020001800100082001000118084001600128100002500144245005700169260003100226500016400257650001600421856001700437990000800454INLIS00000000000016420220217070143 a0010-0222000042ta220217 g 0 ind  a9789790331242 a297.5 a297.5 SAI h0 aSaiful Hadi El-Sutha1 aHidup makin susah, kalau banyak yang hobinya bohong! aJakarta :bErlangga,c2009 aApa yang membuat kejujuran, keberanian, dan keteguhan hati mampu menepis semua kegamangan hati mampu menepis semua kegamangan dan kegelisahan kita dalam hidup. 4aEtika Islam aKoleksi Umum a653